书目信息 |
| 题名: |
果脯蜜饯加工技术手册
|
|
| 作者: | 杨巨斌 , 米慧芬 编著 | |
| 分册: | ||
| 出版信息: | 北京 科学出版社 1988.10 |
|
| 页数: | 580页 | |
| 开本: | 19厘米 | |
| 丛书名: | ||
| 单 册: | ||
| 中图分类: | TS255.41 | |
| 科图分类: | ||
| 主题词: | ||
| 电子资源: | ||
| ISBN: | 7-03-000582-1 | |
| 000 | 00679cam0 2200229 450 | |
| 001 | 0100279431 | |
| 005 | 20060522124516.0 | |
| 010 | @a7-03-000582-1@dCNY5.70 | |
| 011 | @a7-03-000582-1 | |
| 100 | @a19910304d1988 m y0chiy0110 ea | |
| 101 | 0 | @achi |
| 102 | @aCN@b110000 | |
| 105 | @ay z 000yy | |
| 106 | @ar | |
| 200 | 1 | @a果脯蜜饯加工技术手册@9Guo Fu;Pu Mi Jian Jia Gong Ji Shu;Zhu Shou Ce @f杨巨斌,米慧芬编著@b专著 |
| 210 | @a北京@c科学出版社@d1988.10 | |
| 215 | @a580页@d19厘米 | |
| 690 | @aTS255.41@v1980 | |
| 701 | 0 | @a杨巨斌@9yang ju bin@4编著 |
| 701 | 0 | @a米慧芬@9mi hui fen@4编著 |
| 801 | 0 | @aCN@bAiZhiMarc@c19910304 |
| 905 | @aBZT@dTS255.41@e4@f2@sTS255.41/4 | |
| 果脯蜜饯加工技术手册/杨巨斌,米慧芬编著.-北京:科学出版社,1988.10 |
| 580页;19厘米 |
| ISBN 7-03-000582-1:CNY5.70 |
| ● |
| 相关链接 |
|
|
|
正题名:果脯蜜饯加工技术手册
索取号:TS255.41/4
 
预约/预借
| 序号 | 登录号 | 条形码 | 馆藏地/架位号 | 状态 | 备注 |
| 1 | 2000141050 | 2000141050 | 旧书回溯/ [索取号:TS255.41/4] | 在馆 | |
| 2 | 2000141051 | 2000141051 | 旧书回溯/ [索取号:TS255.41/4] | 在馆 |